Vyrovnací podiel v s. r. o. a problémy pri jeho výpočte
Problematika vyrovnacieho podielu v s. r. o. pri zániku účasti spoločníka v spoločnosti. Autori ukazujú, že legislatívna úprava Obchodného zákonníka v tejto oblasti má isté medzery, najmä pri takých špecifických situáciách ako je existencia pohľadávok za upísané vlastné imanie. V budúcnosti by bolo...
Enregistré dans:
| Auteur principal: | |
|---|---|
| Autres auteurs: | |
| Format: | Chapitre de livre |
| Langue: | slovaque |
| Sujets: | |
| Tags: |
Pas de tags, Soyez le premier à ajouter un tag!
|
MARC
| LEADER | 00000naa$a2200000$$$4500 | ||
|---|---|---|---|
| 001 | 0064036 | ||
| 005 | 20240502071740.3 | ||
| 041 | 0 | |a slo | |
| 044 | |a SK | ||
| 245 | 1 | 0 | |a Vyrovnací podiel v s. r. o. a problémy pri jeho výpočte |c Miroslav Jakubec, Peter Kardoš |
| 520 | |a Problematika vyrovnacieho podielu v s. r. o. pri zániku účasti spoločníka v spoločnosti. Autori ukazujú, že legislatívna úprava Obchodného zákonníka v tejto oblasti má isté medzery, najmä pri takých špecifických situáciách ako je existencia pohľadávok za upísané vlastné imanie. V budúcnosti by bolo potrebné v zákone lepšie charakterizovať pojem čisté obchodné imanie, keďže pri jeho stotožnení s vlastným imaním spoločnosti, dochádza k paradoxom a v konečnom dôsledku aj k poškodeniu ostatných spoločníkov. | ||
| 610 | 2 | 0 | |a spoločnosti s r.o. |
| 610 | 2 | 0 | |a spoločníci |
| 610 | 2 | 0 | |a imanie vlastné |
| 610 | 2 | 0 | |a imanie základné |
| 610 | 2 | 0 | |a pohľadávky |
| 610 | 2 | 0 | |a vyrovnanie |
| 100 | 1 | |a Jakubec, Miroslav | |
| 700 | 1 | |a Kardoš, Peter | |